000 00613nam a2200301Ia 4500
005 20260401122105.0
008 008 250103s9999 xx 000 0 eng d
020 _a1857151038
037 _aTB
040 _aEDL
040 _beng
040 _cEDL
041 _2eng
041 _aeng
084 _a821.8 YEA
084 _qEDL
100 _aYeats, W.B
_91232548
245 0 _aPoems
245 0 _cYeats, W.B
260 _aLondon
260 _bEveryman
260 _c1990
300 _a868p
942 _cTB
942 _h821.8 YEA
999 _c1844858
_d1844858